000 00798nam a22002657a 4500
001 34143
003 UA-OsUOA
005 20211005121847.0
007 ta
008 20050926b un ||||| |||| 00| 0 ukr d
020 _a87127
040 _aUA-OsUOA
_brus
_cUA-OsUOA
_dUA-OsUOA
041 _arus
080 _a821.161.1
090 _a821.161.1
_bЧ-88
100 _aЧуковский К.
245 _aСочинения в двух томах
260 _aМ.
_bПравда
_c1990
300 _a653 с.
505 _gТ. 1
_tСказки. От двух до пяти. Живой как жизнь
650 7 _a82 Література. Літературознавство
_2UDC
942 _cBK
_2udc
955 _a3
999 _c320577
_d320577